00573 2200205 4500001002100000005001700021006001900038008004100057020002300098035002600121084001700147090001700164100001400181245004900195260003100244300002300275990002300298990002300321990002300344INLIS00000000000262320160903081411.0a ||| | 171130| ||| |  a 978-979-26-7152-0 a 0010-091600000000054 a 028.5 FID T a 028.5 FID T0 a Fidelara00a Cerita Budi Pekerti b Teu Nanaon Ku Nanaon b Anaksaleh Pratama c 2008 a 21 hlm c 24,7 Cm a 24170/APBDII/2015 a 24171/APBDII/2015 a 24169/APBDII/2015